Virilidad nacional. Modelos y valores masculinos en los manuales de historia (1931-1982).
Na minha lista:
| Autor principal: | |
|---|---|
| Formato: | Desconhecido |
| Publicado em: |
Zaragoza, España:
Prensas de la Universidad de Zaragoza,
2021.
|
| Edição: | 1ª edición |
| Colecção: | Ciencias Sociales
|
| Assuntos: | |
| Tags: |
Adicionar Tag
Sem tags, seja o primeiro a adicionar uma tag!
|
MARC
| LEADER | 00000 a2200000 4500 | ||
|---|---|---|---|
| 003 | CL-VaPUC | ||
| 005 | 20230330100431.0 | ||
| 008 | 230313t2021 ||||| |||| 00| 0 eng d | ||
| 999 | |c 440120 |d 440118 | ||
| 020 | |a 978-84-1340-128-7 | ||
| 040 | |c Pontificia Universidad Católica de Valparaíso | ||
| 082 | |2 22 |a 305.31 NOB 2021 | ||
| 100 | |a Noblet, Bertrand |9 880519 |e autor | ||
| 245 | |a Virilidad nacional. |b Modelos y valores masculinos en los manuales de historia (1931-1982). | ||
| 250 | |a 1ª edición | ||
| 260 | |a Zaragoza, España: |b Prensas de la Universidad de Zaragoza, |c 2021. | ||
| 300 | |a 320 páginas. | ||
| 490 | |a Ciencias Sociales |n 150. | ||
| 583 | |k GC |c 20230313 | ||
| 650 | 0 | |9 412527 |a Masculinidad |v Estudio y enseñanza |x Época franquista |z España | |
| 650 | 0 | |9 466588 |a Sexismo en la educación |v Relato histórico |x Sociedad española |x Franquismo | |
| 650 | 0 | |9 257649 |a Mujeres |v Análisis histórico |x Marginalidad social |x Franquismo |z España | |
| 942 | |2 ddc |c BK | ||
| 952 | |0 0 |1 0 |2 ddc |4 0 |6 305_310000000000000_NOB_2021 |7 0 |8 A |9 588982 |a BIBHIS |b BIBHIS |d 2023-03-13 |e 52 |g 23262.61 |i 5656625 |o 305.31 NOB 2021 |p 5656625 |r 2025-01-20 |t 1 |v 23262.61 |w 2023-03-13 |y BK |k HIS | ||